| 000 -CABECERA |
| campo de control de longitud fija |
01191nib a2200289ua 4500 |
| 001 - NÚMERO DE CONTROL |
| campo de control |
000083430 |
| 003 - IDENTIFICADOR DEL NÚMERO DE CONTROL |
| campo de control |
OSt |
| 005 - FECHA Y HORA DE LA ÚLTIMA TRANSACCIÓN |
| campo de control |
20230918172742.0 |
| 008 - DATOS DE LONGITUD FIJA--INFORMACIÓN GENERAL |
| campo de control de longitud fija |
170809s1994 ck 042|e| ||| z|spa|d |
| 040 ## - FUENTE DE LA CATALOGACIÓN |
| Centro/agencia transcriptor |
CO-MqBPB |
| 041 ## - CÓDIGO DE LENGUA |
| Código de lengua del texto/banda sonora o título independiente |
spa |
| 043 ## - CÓDIGO DE ÁREA GEOGRÁFICA |
| Código de área geográfica |
s-ck-- |
| 082 04 - NÚMERO DE LA CLASIFICACIÓN DECIMAL DEWEY |
| Número de clasificación |
860.260 |
| Número de documento/Ítem |
V14o |
| 100 1# - ENTRADA PRINCIPAL--NOMBRE DE PERSONA |
| Nombre de persona |
Valencia Goelkel, Hernando |
| Fechas asociadas al nombre |
1928-2004 |
| 245 10 - MENCIÓN DE TÍTULO |
| Título |
Homenaje a Eduardo Cote Lamus (1964-1994) : |
| Resto del título |
[disco sonoro] / |
| Mención de responsabilidad, etc. |
Valencia Goelkel Hernando;. |
| 260 ## - PUBLICACIÓN, DISTRIBUCIÓN, ETC. |
| Lugar de publicación, distribución, etc. |
Bogotá : |
| Nombre del editor, distribuidor, etc. |
Casa de Poesía Silva, |
| Fecha de publicación, distribución, etc. |
1994. |
| 300 ## - DESCRIPCIÓN FÍSICA |
| Extensión |
1 disco compacto : |
| Otras características físicas |
sonido |
| Material acompañante/anejo |
(60 mininutos aprox.) |
| 490 #0 - MENCIÓN DE SERIE |
| Mención de serie |
Voces para el tiempo |
| Designación de volumen o secuencia |
260 |
| 500 ## - NOTA GENERAL |
| Nota general |
11 de agosto de 1994 |
| 600 14 - PUNTO DE ACCESO ADICIONAL DE MATERIA--NOMBRE DE PERSONA |
| Nombre de persona |
Cote Lamus, Eduardo |
| Fechas asociadas al nombre |
1928-1964 |
| Subdivisión de forma |
Congresos, conferencias, etc. |
| Subdivisión general |
Crítica e interpretación |
| Subdivisión de forma |
Discos compactos |
| 600 14 - PUNTO DE ACCESO ADICIONAL DE MATERIA--NOMBRE DE PERSONA |
| Nombre de persona |
Cote Lamus, Eduardo |
| Fechas asociadas al nombre |
1928-1964 |
| Subdivisión de forma |
Congresos, conferencias, etc. |
| Subdivisión general |
Homenajes póstumos |
| Subdivisión de forma |
Discos compactos |
| 650 14 - PUNTO DE ACCESO ADICIONAL DE MATERIA--TÉRMINO DE MATERIA |
| Término de materia o nombre geográfico como elemento de entrada |
Poesía colombiana |
| Subdivisión general |
Historia y crítica |
| Subdivisión de forma |
Congresos, conferencias, etc. |
| 650 24 - PUNTO DE ACCESO ADICIONAL DE MATERIA--TÉRMINO DE MATERIA |
| Término de materia o nombre geográfico como elemento de entrada |
Literatura colombiana |
| Subdivisión de forma |
Congresos, conferencias, etc. |
| 650 24 - PUNTO DE ACCESO ADICIONAL DE MATERIA--TÉRMINO DE MATERIA |
| Término de materia o nombre geográfico como elemento de entrada |
Poetas colombianos |
| Subdivisión de forma |
Congresos, conferencias, etc. |
| 650 24 - PUNTO DE ACCESO ADICIONAL DE MATERIA--TÉRMINO DE MATERIA |
| Término de materia o nombre geográfico como elemento de entrada |
Lectura de poemas |
| Subdivisión de forma |
Congresos, conferencias, etc. |
| 942 ## - ELEMENTOS DE PUNTO DE ACCESO ADICIONAL (KOHA) |
| Fuente del sistema de clasificación o colocación |
|
| Tipo de ítem Koha |
CDROM |